NEUE HORIZONTE A FIRST COURSE IN GERMAN LANGUAGE AND CULTURE / (Record no. 615665)

000 -LEADER
fixed length control field 00420nam a22001457a 4500
020 ## - INTERNATIONAL STANDARD BOOK NUMBER
Qualifying information HB.
040 ## - CATALOGING SOURCE
Transcribing agency FIZZA ISHAQ
082 ## - DEWEY DECIMAL CLASSIFICATION NUMBER
Classification number 438.2421
Author Mark DAV
100 ## - MAIN ENTRY--PERSONAL NAME
Personal name DOLLENMAYER,B.DAVID.
9 (RLIN) 132526
245 ## - TITLE STATEMENT
Title NEUE HORIZONTE A FIRST COURSE IN GERMAN LANGUAGE AND CULTURE /
Statement of responsibility, etc. DAVID B.DOLLENMAYER.
250 ## - EDITION STATEMENT
Edition statement 3RD ED.
260 ## - PUBLICATION, DISTRIBUTION, ETC.
Place of publication, distribution, etc. CANADA;
Name of publisher, distributor, etc. D.C HEATH AND COMPANY,
Date of publication, distribution, etc. 1992.
300 ## - PHYSICAL DESCRIPTION
Extent 550 P. ;
Dimensions 9.8X7.8IN
942 ## - ADDED ENTRY ELEMENTS (KOHA)
Source of classification or shelving scheme
Koha item type Book
Holdings
Withdrawn status Lost status Source of classification or shelving scheme Damaged status Not for loan Permanent Location Current Location Shelving location Date acquired Total Checkouts Full call number Barcode Date last seen Price effective from Koha item type
          NUST Baluchistan Campus (NBC) NUST Baluchistan Campus (NBC) Text Books 12/23/2025   438.2421 DAV QD-882 12/23/2025 12/23/2025 Book
© 2023 Central Library, National University of Sciences and Technology. All Rights Reserved.